Bölgesel gelişme ve kentleşme : (Kayıt no. 10237)

MARC ayrıntıları
000 -BAŞLIK
Sabit Uzunluktaki Kontrol Alanı 00831nam a2200241 4500
003 - KONTROL NUMARASI KİMLİĞİ
Kontrol Alanı KOHA_MİRAKIL
005 - EN SON İŞLEM TARİHİ ve ZAMANI
Kontrol Alanı 20260415064037.0
008 - SABİT UZUNLUKTAKİ VERİ ÖGELERİ - GENEL BİLGİ
Sabit Alan 260415b tu ||||| |||| 00| 0 tur d
040 ## - KATALOGLAMA KAYNAĞI
Özgün Kataloglama Kurumu TR-AnABB
Kataloglama Dili tur
Çeviri Kurumu TR-AnABB
041 ## - DİL KODU
Metin ya da ses kaydının dil kodu tur
082 ## - DEWEY ONU SINIFLAMA SİSTEMİ
Sınıflama Numarası 711.309561
Cutter numarası CEZ 1978
100 1# - KİŞİ ADI
Yazar Adı (Kişi adı) Çezik, Asuman
245 10 - ESER ADI BİLDİRİMİ
Başlık Bölgesel gelişme ve kentleşme :
Alt Eseradı vb. geçmiş dönemlere ilişkin bir irdeleme /
Sorumluluk Bildirimi Asuman Çezik
246 ## - DEĞİŞİK BAŞLIK FORMU
Başlık uygun / kısa başlık Bölgesel gelişme ve kentleşme
260 ## - YAYIN, DAĞITIM, VB.
Yayın Yeri Ankara :
Yayınevi Devlet Planlama Teşkilatı,
Yayın Tarihi 1978
300 ## - FİZİKSEL TANIMLAMA
Sayfa, Cilt vb. 82 sayfa :
Diğer fiziki detaylar tablo ;
Boyutları 24 cm
490 0# - DİZİ BİLDİRİMİ
Dizi Bildirimi Devlet Planlama Teşkilatı :
Cilt Numarası Yayın No: 1638
490 0# - DİZİ BİLDİRİMİ
Dizi Bildirimi SPD :
Cilt Numarası 308
505 ## - İÇİNDEKİLER NOTU
İçindekiler Notu İçindekiler: Bölgesel gelişme - Kentleşme - Sonuçlar
650 04 - KONU BAŞLIĞI EK GİRİŞ - KONU TERİMİ
Konusal terim veya coğrafi ad Kentleşme
650 04 - KONU BAŞLIĞI EK GİRİŞ - KONU TERİMİ
Konusal terim veya coğrafi ad Kentleşme, Türkiye
942 ## - EK GİRİŞ ÖGELERİ (KOHA)
Sınıflama Kaynağı Dewey Decimal Classification
Materyal Türü Kitap
900 ## - YEREL BİLGİ
Kontrol Can ÇELIK
Mevcut
Geri Çekilme Durumu Kayıp Durumu Sınıflandırma Kaynağı Kredi için değil Kalıcı Konum Mevcut Konum Kayıt Tarih Toplam Ödünçverme Yer Numarası Demirbaş Numarası Son Görülme Tarihi Fatura Tarihi Materyal Türü
    Dewey Decimal Classification   Prof. Dr. Ruşen Keleş Kütüphanesi Prof. Dr. Ruşen Keleş Kütüphanesi 15/04/2026   711.309561 CEZ 1978 RK7078 15/04/2026 15/04/2026 Kitap